[Event "Hillerod Vinhuset Stoltz op"]
[Site "Hillerod"]
[Date "2019.09.24"]
[Round "3"]
[White "Andersen, Soren Bull"]
[Black "Ramkilde, Mikael"]
[Result "1-0"]
[WhiteElo "2098"]
[BlackElo "1925"]
[PlyCount "87"]
[EventDate "2019.09.24"]
[EventType "swiss"]
[EventRounds "7"]
[EventCountry "DEN"]
[SourceTitle "EXT 2021"]
[Source "ChessBase"]
[SourceDate "2020.10.23"]
[SourceVersion "1"]
[SourceVersionDate "2020.10.23"]
[SourceQuality "1"]

1. d4 Nf6 2. c4 e6 3. Nc3 Bb4 4. Nf3 Nc6 5. Bg5 h6 6. Bd2 d6 7. g3 0-0 8. Bg2 e5 9. d5 Ne7 10. 0-0 a5 11. Rc1 Bd7 12. Ne1 Bxc3 13. Rxc3 Qc8 14. e4 Bh3 15. f3 b6 16. Nd3 Bxg2 17. Kxg2 Kh7 18. Qe2 g5 19. Kf2 Ng6 20. Ke1 Qd7 21. a3 Rae8 22. Kd1 Kg7 23. h4 g4 24. h5 Ne7 25. fxg4 Nxg4 26. Rf5 Nf6 27. Bxh6+ Kxh6 28. Rxf6+ Kg7 29. Qf3 Ng8 30. Rf5 Nh6 31. Rg5+ Kh7 32. Nf2 Qe7 33. Nh3 Rg8 34. Rf5 Rg4 35. Nf2 Rg7 36. g4 Reg8 37. Rf6 Rg5 38. Ke2 R8g7 39. Rc1 Nxg4 40. Nxg4 Rxg4 41. Qf5+ Kg8 42. Rf1 R4g5 43. Qc8+ Kh7 44. h6 1-0

[Event "Hillerod Spar Nord op"]
[Site "Hillerod"]
[Date "2016.10.25"]
[Round "7"]
[White "Andersen, Soren Bull"]
[Black "Ramkilde, Mikael"]
[Result "0-1"]
[WhiteElo "2064"]
[BlackElo "1893"]
[PlyCount "72"]
[EventDate "2016.09.13"]
[EventType "swiss"]
[EventRounds "7"]
[EventCountry "DEN"]
[SourceTitle "EXT 2024"]
[Source "ChessBase"]
[SourceDate "2023.10.10"]
[SourceVersion "1"]
[SourceVersionDate "2023.10.10"]
[SourceQuality "1"]

1. d4 Nf6 2. Bg5 Ne4 3. Bf4 c5 4. f3 Qa5+ 5. c3 Nf6 6. Nd2 cxd4 7. Nb3 Qf5 8. Bxb8 Rxb8 9. Qxd4 Ra8 10. e4 Qe6 11. Bc4 Qb6 12. Ne2 d6 13. Qxb6 axb6 14. Nbd4 Bd7 15. Bb5 g6 16. Kf2 Bg7 17. a4 0-0 18. Ra3 Bc8 19. Rha1 e5 20. Nc2 d5 21. exd5 Nxd5 22. c4 Nc7 23. Nc3 Rd8 24. Ke2 Nxb5 25. axb5 Rxa3 26. Rxa3 Be6 27. Ne3 f5 28. Ned5 e4 29. Nxb6 exf3+ 30. Kxf3 Bd4 31. Nca4 g5 32. c5 Kf7 33. Rd3 g4+ 34. Ke2 f4 35. b4 Bf5 36. Rxd4 Rxd4 0-1

[Event "Hillerod op"]
[Site "Hillerod"]
[Date "2015.10.02"]
[Round "5"]
[White "Linderod, Lars Erik"]
[Black "Andersen, Soren Bull"]
[Result "1-0"]
[WhiteElo "1888"]
[BlackElo "2122"]
[PlyCount "53"]
[EventDate "2015.09.08"]
[EventType "swiss"]
[EventRounds "7"]
[EventCountry "DEN"]
[SourceTitle "EXT 2024"]
[Source "ChessBase"]
[SourceDate "2023.10.10"]
[SourceVersion "1"]
[SourceVersionDate "2023.10.10"]
[SourceQuality "1"]

1. e4 d6 2. d4 Nf6 3. Nc3 c6 4. Be2 Qa5 5. f3 e5 6. Be3 Be7 7. Qd2 Be6 8. f4 exf4 9. Bxf4 0-0 10. Nf3 b5 11. Bd3 Nbd7 12. 0-0 b4 13. Ne2 d5 14. Ng5 dxe4 15. Nxe4 c5 16. c3 bxc3 17. bxc3 cxd4 18. Nxd4 Nxe4 19. Bxe4 Bd5 20. Nb3 Bxb3 21. Bxa8 Bc4 22. Rfe1 Rxa8 23. Qxd7 Bc5+ 24. Kh1 Bb5 25. Qb7 Rf8 26. Qd5 Bb6 27. Bd6 1-0

[Event "Hillerod op"]
[Site "Hillerod"]
[Date "2015.09.20"]
[Round "3"]
[White "Kuhn, Morten"]
[Black "Andersen, Soren Bull"]
[Result "0-1"]
[WhiteElo "1856"]
[BlackElo "2122"]
[PlyCount "64"]
[EventDate "2015.09.08"]
[EventType "swiss"]
[EventRounds "7"]
[EventCountry "DEN"]
[SourceTitle "EXT 2024"]
[Source "ChessBase"]
[SourceDate "2023.10.10"]
[SourceVersion "1"]
[SourceVersionDate "2023.10.10"]
[SourceQuality "1"]

1. e4 d5 2. exd5 Nf6 3. d4 Nxd5 4. c4 Nb6 5. c5 Nd5 6. Bc4 c6 7. Nf3 g6 8. 0-0 Bg7 9. Nc3 0-0 10. Re1 Bg4 11. h3 Bxf3 12. Qxf3 e6 13. Rd1 Nd7 14. Ne4 b6 15. Rb1 e5 16. b4 exd4 17. Bxd5 cxd5 18. Nd6 bxc5 19. bxc5 Nxc5 20. Qxd5 Ne4 21. Qxe4 Qxd6 22. Rb3 Rfe8 23. Qf3 Rad8 24. Ba3 Qe6 25. Kf1 Rd5 26. Rdb1 Re5 27. g4 a5 28. Rb6 Qxa2 29. Bd6 Qe2+ 30. Qxe2 Rxe2 31. Ra6 d3 32. Bf4 Bd4 0-1